Al-Ahli SFC Squad 2025-2026 - Statistics

General Stats
  • This quiz has been taken 14 times
    2 since last reset
  • The average score is 21 of 32
Answer Stats
# Position Nation Player % Correct
1 GK Saudi Arabia Abdulrahman Al-Sanbi
100%
16 GK Senegal Edouard Mendy
100%
79 MF Ivory Coast Franck Kessié
100%
13 FW Brazil Galeno
100%
17 FW England Ivan Toney
100%
28 DF Turkey Merih Demiral
100%
46 DF Saudi Arabia Rayan Hamed
100%
7 FW Algeria Riyad Mahrez
100%
3 DF Brazil Roger Ibañez
100%
6 MF France Valentin Atangana
100%
30 MF Saudi Arabia Ziyad Al-Johani
100%
88 DF Saudi Arabia Abdulelah Al-Khaibri
50%
62 GK Saudi Arabia Abdullah Abdo
50%
15 DF Saudi Arabia Abdullah Al-Ammar
50%
27 DF Saudi Arabia Ali Majrashi
50%
95 MF Saudi Arabia Ayman Fallatah
50%
14 MF Saudi Arabia Eid Al-Muwallad
50%
21 GK Saudi Arabia Emad Al-Feda
50%
10 MF France Enzo Millot
50%
19 FW Saudi Arabia Fahad Al-Rashidi
50%
9 FW Saudi Arabia Firas Al-Buraikan
50%
20 FW Brazil Matheus Gonçalves
50%
32 DF Belgium Matteo Dams
50%
- Coach Germany Matthias Jaissle
50%
29 DF Saudi Arabia Mohammed Abdulrahman
50%
5 DF Saudi Arabia Mohammed Sulaiman
50%
77 FW Brazil Ricardo Mathias
50%
47 FW Saudi Arabia Saleh Abu Al-Shamat
50%
26 FW Saudi Arabia Yaseen Al-Zubaidi
50%
2 DF Saudi Arabia Zakaria Hawsawi
50%
66 GK Saudi Arabia Ghassan Barqawi
0%
8 FW Saudi Arabia Sumayhan Al-Nabit
0%
No matching quizzes found
Score Distribution
Percent of People with Each Score
Percentile by Number Answered
Your Score History
You have not taken this quiz since the last reset